[Event "GER-chT School WK Girls"]
[Site "Playchess.com INT"]
[Date "2020.06.10"]
[Round "1.2"]
[White "Fritsch, Lea"]
[Black "Zeisler, Sarah"]
[Result "1-0"]
[WhiteElo "1620"]
[BlackElo "1798"]
[PlyCount "115"]
[EventDate "2020.06.10"]
[EventType "team-swiss (blitz)"]
[EventRounds "7"]
[EventCountry "GER"]
[SourceTitle "EXT 2021"]
[Source "ChessBase"]
[SourceDate "2020.10.23"]
[SourceVersion "1"]
[SourceVersionDate "2020.10.23"]
[SourceQuality "1"]
[WhiteTeam "Halle Cantor Gymn"]
[BlackTeam "Fuerth HBS"]
[WhiteTeamCountry "GER"]
[BlackTeamCountry "GER"]

1. e4 e5 2. Nf3 Nc6 3. Bc4 Nf6 4. d3 Bc5 5. c3 d6 6. Nbd2 Bg4 7. Nf1 0-0 8. Ng3 a6 9. h3 Bxf3 10. Qxf3 b5 11. Bb3 Na5 12. Bc2 b4 13. 0-0 bxc3 14. bxc3 Rb8 15. Be3 Bxe3 16. Qxe3 Nc6 17. Rab1 Rxb1 18. Rxb1 d5 19. Rd1 d4 20. cxd4 exd4 21. Qc1 Qd7 22. Ba4 Qe6 23. Qxc6 Qxc6 24. Bxc6 Rb8 25. Ba4 h6 26. Bb3 a5 27. Rc1 Rc8 28. Nf5 Kf8 29. Nxd4 c5 30. Nf5 Nh5 31. d4 Nf4 32. Rxc5 Rxc5 33. dxc5 Ne6 34. Bxe6 fxe6 35. Nd4 Ke7 36. e5 Kd7 37. c6+ Kc7 38. f4 a4 39. f5 exf5 40. e6 Kd8 41. Nxf5 g6 42. Nd4 h5 43. Nb5 g5 44. c7+ Kc8 45. e7 Kd7 46. e8Q+ Kxe8 47. c8Q+ Ke7 48. Qc6 g4 49. Qd6+ Kf7 50. hxg4 hxg4 51. Kf2 a3 52. Kg3 Ke8 53. Kxg4 Kf7 54. Kg5 Kg7 55. Qf6+ Kg8 56. Qe7 Kh8 57. Kg6 Kg8 58. Qg7# 1-0

[Event "GER-chT School WK Girls"]
[Site "Playchess.com INT"]
[Date "2020.06.10"]
[Round "2.2"]
[White "Zeisler, Sarah"]
[Black "Cigarcic, Karla"]
[Result "1-0"]
[WhiteElo "1798"]
[BlackElo "1412"]
[PlyCount "37"]
[EventDate "2020.06.10"]
[EventType "team-swiss (blitz)"]
[EventRounds "7"]
[EventCountry "GER"]
[SourceTitle "EXT 2021"]
[Source "ChessBase"]
[SourceDate "2020.10.23"]
[SourceVersion "1"]
[SourceVersionDate "2020.10.23"]
[SourceQuality "1"]
[WhiteTeam "Fuerth HBS"]
[BlackTeam "Luebeck Johanneum"]
[WhiteTeamCountry "GER"]
[BlackTeamCountry "GER"]

1. c4 d6 2. Nc3 f5 3. g3 g5 4. d3 f4 5. gxf4 gxf4 6. Bxf4 Bh6 7. Bxh6 Nxh6 8. Nf3 Ng4 9. Ne4 Nxf2 10. Nxf2 Rf8 11. Qc2 Rxf3 12. exf3 Bh3 13. Bxh3 c6 14. 0-0-0 d5 15. cxd5 cxd5 16. Qa4+ Kf8 17. Qf4+ Kg7 18. Rhg1+ Kh8 19. Qe5# 1-0